Normal view MARC view

Entry Personal Name

Number of records used in: 1

001 - CONTROL NUMBER

  • control field: 14297

003 - CONTROL NUMBER IDENTIFIER

  • control field: OSt

005 - DATE AND TIME OF LATEST TRANSACTION

  • control field: 20191205170208.0

008 - FIXED-LENGTH DATA ELEMENTS

  • fixed length control field: 191205|| aca||aabn | a|a d

040 ## - CATALOGING SOURCE

  • Original cataloging agency: OSt
  • Transcribing agency: OSt

100 ## - HEADING--PERSONAL NAME

  • Personal name: Gottis, Philipp et al

670 ## - SOURCE DATA FOUND

  • Source citation: Work cat.: (OSt): Gottis, Philipp et al, The role of social structure for governing natural resources in decentralized political systems: Insights from governing a fishery in Indonesia

Powered by Koha